00365nam a2200145Ia 4500008004100000082001700041100001400058245003800072250000800110260002900118300001400147500002600161650001500187700001700202230524s9999 xx 000 0 und d a621.382bMEH aV.K.Mehta 0aPrinciples of Electrical Machines a1SR aNEW DELHIbS.Chandc2005 aVII;509+8 aQuantity Number: 169 aElectrical a Rohit Mehta